[Event "DOM-ch"]
[Site "Santo Domingo"]
[Date "2015.05.17"]
[Round "11"]
[White "Duarte, Martirez"]
[Black "Puntier Andujar, William Staling"]
[Result "1-0"]
[WhiteElo "2188"]
[BlackElo "2319"]
[PlyCount "127"]
[EventDate "2015.05.01"]
[EventType "swiss"]
[EventRounds "11"]
[EventCountry "DOM"]
[SourceTitle "CBM 166 Extra"]
[Source "ChessBase"]
[SourceDate "2015.06.18"]
[SourceVersion "1"]
[SourceVersionDate "2015.06.18"]
[SourceQuality "1"]

1. c4 f5 2. d4 Nf6 3. Nc3 g6 4. Nf3 Bg7 5. g3 0-0 6. Bg2 d6 7. 0-0 c6 8. b4 Ne4 9. Bb2 Be6 10. Nxe4 fxe4 11. Ng5 Bxc4 12. Qc2 b5 13. Nxe4 Na6 14. a3 Nc7 15. h4 e6 16. Ng5 d5 17. Rfe1 a5 18. Bc3 axb4 19. axb4 Qd6 20. f4 Rxa1 21. Rxa1 Ra8 22. Rxa8+ Nxa8 23. h5 h6 24. Qxg6 hxg5 25. h6 Qe7 26. Bh3 Nc7 27. fxg5 Qf7 28. Qxg7+ Qxg7 29. hxg7 Kxg7 30. Kf1 Kf7 31. Bd2 Ne8 32. Bf4 Ng7 33. g4 Bb3 34. Kf2 Bc2 35. Bg2 Bg6 36. Be5 Ne8 37. Kg3 Bc2 38. Kf4 Bb1 39. Bb8 Bg6 40. Ke5 Ke7 41. Bf3 Kd7 42. e4 Ke7 43. Bg2 Kd7 44. exd5 exd5 45. Bf1 Ke7 46. Be2 Kd7 47. Bf3 Ke7 48. Ba7 Kf7 49. Bb6 Bd3 50. Bd8 Bg6 51. Be2 Bc2 52. Bf3 Bg6 53. Be2 Bc2 54. g6+ Bxg6 55. g5 Ng7 56. Bg4 Ke8 57. Kf6 Bh5 58. Bh3 Kf8 59. Bd7 Be8 60. Be7+ Kg8 61. Bxe8 Nxe8+ 62. Ke6 Ng7+ 63. Kd7 Nf5 64. Bf6 1-0

[Event "DOM-ch"]
[Site "Santo Domingo"]
[Date "2015.05.09"]
[Round "6"]
[White "Guzman, Christopher"]
[Black "Puntier Andujar, William Staling"]
[Result "1/2-1/2"]
[WhiteElo "2197"]
[BlackElo "2319"]
[PlyCount "135"]
[EventDate "2015.05.01"]
[EventType "swiss"]
[EventRounds "11"]
[EventCountry "DOM"]
[SourceTitle "CBM 166 Extra"]
[Source "ChessBase"]
[SourceDate "2015.06.18"]
[SourceVersion "1"]
[SourceVersionDate "2015.06.18"]
[SourceQuality "1"]

1. e4 c5 2. Nf3 d6 3. d4 cxd4 4. Nxd4 Nf6 5. Nc3 g6 6. Be2 Bg7 7. Be3 Nc6 8. Qd2 Ng4 9. Nxc6 bxc6 10. Bxg4 Bxg4 11. Bd4 0-0 12. Bxg7 Kxg7 13. 0-0 Qb6 14. b3 Rad8 15. Na4 Qc7 16. c4 Bc8 17. Rfe1 e5 18. Rad1 Bg4 19. f3 Be6 20. Qc3 f6 21. Re2 Rf7 22. Red2 Rfd7 23. Qb4 Kf7 24. Qc3 a5 25. Qe3 d5 26. exd5 cxd5 27. cxd5 Rxd5 28. Rxd5 Bxd5 29. Nc3 Bb7 30. Kf1 f5 31. h3 Ke6 32. Ke1 Ba6 33. Na4 Bb5 34. Nc3 Bd7 35. Kd2 Qd6+ 36. Qd3 Qd4 37. a3 Bc8 38. Kc2 Qxd3+ 39. Rxd3 Rxd3 40. Kxd3 Ba6+ 41. Ke3 Kd6 42. b4 axb4 43. axb4 Bf1 44. Kf2 Bc4 45. Ke3 g5 46. Kf2 h5 47. Ke3 h4 48. Kf2 Bd3 49. Ke3 Bf1 50. Kf2 Ba6 51. Ke3 Bb7 52. Kf2 Ke6 53. Nd1 e4 54. fxe4 Bxe4 55. Ne3 Ke5 56. Nc4+ Ke6 57. Nd2 Bc6 58. Nf3 Kf6 59. Nd4 Bd7 60. b5 Ke5 61. Nf3+ Kf4 62. b6 Bc8 63. Nd4 Ke5 64. Nc6+ Kd6 65. Na5 Ba6 66. Nb3 Bb7 67. Nd4 Ke5 68. Nf3+ 1/2-1/2

[Event "Caracas Hernandez Cup"]
[Site "Caracas"]
[Date "2014.10.10"]
[Round "4"]
[White "Puntier Andujar, William Staling"]
[Black "Gascon del Nogal, Jose Rafael"]
[Result "1/2-1/2"]
[WhiteElo "2306"]
[BlackElo "2351"]
[PlyCount "70"]
[EventDate "2014.10.08"]
[EventType "swiss"]
[EventRounds "9"]
[EventCountry "VEN"]
[SourceTitle "EXT 2016"]
[Source "ChessBase"]
[SourceDate "2015.10.08"]
[SourceVersion "1"]
[SourceVersionDate "2015.10.08"]
[SourceQuality "1"]

1. e4 c5 2. Nf3 d6 3. d4 Nf6 4. Nc3 cxd4 5. Nxd4 a6 6. Bg5 Nbd7 7. Bc4 Qa5 8. Qd2 e6 9. Bb3 b5 10. 0-0-0 Bb7 11. Rhe1 0-0-0 12. f3 Be7 13. Be3 Nc5 14. Kb1 Kb8 15. Qf2 b4 16. Nce2 Ka8 17. Bc4 Qc7 18. Bd3 d5 19. e5 Nfd7 20. f4 Rc8 21. Ng3 Nb6 22. Nb3 Nca4 23. Bd4 g6 24. Na5 Nc4 25. Nxc4 dxc4 26. Be4 Rhd8 27. Be3 Bd5 28. Bxd5+ exd5 29. Qf3 Qb7 30. Ka1 b3 31. cxb3 cxb3 32. axb3 Nc3 33. bxc3 Qxb3 34. Qe2 Qa3+ 35. Qa2 Qxc3+ 1/2-1/2

[Event "Caracas Hernandez Cup"]
[Site "Caracas"]
[Date "2014.10.09"]
[Round "2"]
[White "Puntier Andujar, William Staling"]
[Black "Brizuela Abreu, Reivis Gabriel"]
[Result "1-0"]
[WhiteElo "2306"]
[BlackElo "2157"]
[PlyCount "67"]
[EventDate "2014.10.08"]
[EventType "swiss"]
[EventRounds "9"]
[EventCountry "VEN"]
[SourceTitle "EXT 2016"]
[Source "ChessBase"]
[SourceDate "2015.10.08"]
[SourceVersion "1"]
[SourceVersionDate "2015.10.08"]
[SourceQuality "1"]

1. e4 e6 2. d4 d5 3. Nc3 Nf6 4. e5 Nfd7 5. Nce2 c5 6. c3 Nc6 7. Nf3 Qb6 8. a3 cxd4 9. cxd4 f6 10. exf6 Nxf6 11. Nc3 Bd6 12. Bd3 a6 13. 0-0 0-0 14. Be3 Qc7 15. Rc1 Bd7 16. h3 b5 17. Re1 Qb8 18. Bb1 a5 19. Qd3 b4 20. Nb5 Bf4 21. a4 g6 22. Ng5 Bxg5 23. Bxg5 Ne4 24. Be3 Na7 25. Nc7 Bxa4 26. Nxa8 Qxa8 27. Qa6 Nc6 28. Qxa8 Rxa8 29. Bd3 Ne7 30. g4 Nd6 31. Rc7 Re8 32. Bg5 Nec8 33. Bf6 Nf7 34. Ra1 1-0

[Event "Olympiad-41"]
[Site "Tromsoe"]
[Date "2014.08.14"]
[Round "11.2"]
[White "Van de Seijp, Quintin"]
[Black "Puntier Andujar, William Staling"]
[Result "0-1"]
[WhiteElo "1883"]
[BlackElo "2333"]
[PlyCount "106"]
[EventDate "2014.08.02"]
[EventType "team-swiss"]
[EventRounds "11"]
[EventCountry "NOR"]
[SourceTitle "CBM 162"]
[Source "ChessBase"]
[SourceDate "2014.09.17"]
[SourceVersion "1"]
[SourceVersionDate "2014.09.17"]
[SourceQuality "1"]
[WhiteTeam "Aruba"]
[BlackTeam "Dominican Republic"]
[WhiteTeamCountry "ARN"]
[BlackTeamCountry "DOM"]

1. d4 d5 2. c4 c6 3. Nc3 Nf6 4. Nf3 a6 5. c5 b6 6. Na4 Nbd7 7. cxb6 Nxb6 8. Ne5 e6 9. Bd2 Nxa4 10. Qxa4 Bd7 11. Rc1 c5 12. Nxd7 Qxd7 13. Qxd7+ Nxd7 14. e3 c4 15. b3 Ba3 16. Rc2 Rb8 17. Be2 cxb3 18. axb3 0-0 19. 0-0 Rxb3 20. Bxa6 Nf6 21. Rc3 Rxc3 22. Bxc3 Ne4 23. Ra1 Bd6 24. Be1 Ra8 25. f3 Nf6 26. Ra2 g6 27. Bc4 Rc8 28. Bd3 Rc1 29. Kf2 Bxh2 30. Bb4 h5 31. Be7 Kg7 32. Bxf6+ Kxf6 33. Rc2 Bg1+ 34. Ke2 Ra1 35. Rb2 Bh2 36. e4 Bg1 37. exd5 exd5 38. Rb6+ Kg7 39. Rb5 Ra2+ 40. Kf1 Be3 41. Rxd5 Rf2+ 42. Ke1 Rxg2 43. Rd8 h4 44. Bf1 Rf2 45. d5 Rxf3 46. Ke2 Rg3 47. d6 Bg5 48. Re8 h3 49. Kf2 Bh4 50. Re4 Rg4+ 51. Kf3 h2 52. Bg2 Rg3+ 53. Kf2 Rh3+ 0-1

[Event "Olympiad-41"]
[Site "Tromsoe"]
[Date "2014.08.10"]
[Round "8.1"]
[White "Bologan, Viktor"]
[Black "Puntier Andujar, William Staling"]
[Result "1-0"]
[WhiteElo "2654"]
[BlackElo "2333"]
[PlyCount "81"]
[EventDate "2014.08.02"]
[EventType "team-swiss"]
[EventRounds "11"]
[EventCountry "NOR"]
[SourceTitle "CBM 162"]
[Source "ChessBase"]
[SourceDate "2014.09.17"]
[SourceVersion "1"]
[SourceVersionDate "2014.09.17"]
[SourceQuality "1"]
[WhiteTeam "Moldova"]
[BlackTeam "Dominican Republic"]
[WhiteTeamCountry "MDA"]
[BlackTeamCountry "DOM"]

1. e4 c5 2. Nf3 d6 3. d4 cxd4 4. Nxd4 Nf6 5. Nc3 g6 6. Be3 Bg7 7. f3 a6 8. g4 Nbd7 9. a4 b6 10. h4 Bb7 11. Bc4 Ne5 12. Bb3 Rc8 13. h5 Rxc3 14. bxc3 Qc7 15. Bd2 0-0 16. hxg6 hxg6 17. Qe2 Rc8 18. Rh3 Nc4 19. Bh6 Na5 20. c4 Bxh6 21. Rxh6 Qc5 22. Rd1 Qg5 23. Qd2 Rc5 24. Qxg5 Rxg5 25. Kd2 Bc8 26. Rdh1 Kg7 27. Rh8 Bb7 28. Rd8 e5 29. Ne2 Bxe4 30. fxe4 Nb7 31. Rb8 Nc5 32. Nc3 Rxg4 33. Rxb6 Rg2+ 34. Kc1 Rg3 35. Kb2 a5 36. Nb5 Nxb3 37. cxb3 Nxe4 38. Nxd6 Rg2+ 39. Ka3 Nc3 40. b4 Rg3 41. bxa5 1-0

[Event "Santo Domingo AES Cup 2nd"]
[Site "Santo Domingo"]
[Date "2012.12.02"]
[Round "2"]
[White "Nunez V, Gustavo Eduardo"]
[Black "Puntier Andujar, William Staling"]
[Result "0-1"]
[WhiteElo "2231"]
[BlackElo "2343"]
[PlyCount "72"]
[EventDate "2012.12.01"]
[EventType "swiss"]
[EventRounds "9"]
[EventCountry "DOM"]
[SourceTitle "CBM 151 Extra"]
[Source "ChessBase"]
[SourceDate "2012.12.18"]
[SourceVersion "1"]
[SourceVersionDate "2012.12.18"]
[SourceQuality "1"]

1. d4 d5 2. c4 c6 3. Nc3 Nf6 4. Nf3 a6 5. cxd5 cxd5 6. Bf4 Nc6 7. e3 Bf5 8. Bd3 Bxd3 9. Qxd3 e6 10. 0-0 Be7 11. h3 0-0 12. Rac1 Qa5 13. Nd2 Nb4 14. Qb1 Rfc8 15. Nb3 Qd8 16. a3 Nc6 17. Na4 Ne4 18. f3 Nd6 19. Nbc5 Bg5 20. Bxg5 Qxg5 21. Qd3 Qd8 22. b3 Na5 23. Nb2 Rc7 24. Qd2 b6 25. Qb4 Nc6 26. Qxb6 Nc8 27. Qxa6 Rxa6 28. Nxa6 N8e7 29. Nxc7 Qxc7 30. f4 h5 31. b4 Qb6 32. Rc3 Nxd4 33. Na4 Ne2+ 34. Kf2 Qb5 35. Rc2 Ng3 36. Kxg3 Qxf1 0-1

[Event "Santo Domingo AES Cup 2nd"]
[Site "Santo Domingo"]
[Date "2012.12.01"]
[Round "1"]
[White "Puntier Andujar, William Staling"]
[Black "De Los Santos Nunez, Eddy"]
[Result "1/2-1/2"]
[WhiteElo "2343"]
[BlackElo "2121"]
[PlyCount "112"]
[EventDate "2012.12.01"]
[EventType "swiss"]
[EventRounds "9"]
[EventCountry "DOM"]
[SourceTitle "CBM 151 Extra"]
[Source "ChessBase"]
[SourceDate "2012.12.18"]
[SourceVersion "1"]
[SourceVersionDate "2012.12.18"]
[SourceQuality "1"]

1. d4 d5 2. c4 c6 3. Nf3 Nf6 4. Qb3 e6 5. g3 Nbd7 6. Bg2 Qb6 7. Qc2 Qb4+ 8. Nbd2 dxc4 9. a3 Qa5 10. 0-0 c5 11. Nxc4 Qa6 12. Bd2 Be7 13. b4 Nb6 14. Nfe5 Nxc4 15. Nxc4 cxd4 16. a4 e5 17. Nxe5 0-0 18. Qc4 Qxc4 19. Nxc4 Be6 20. Na5 Bd5 21. Rfc1 Bxg2 22. Kxg2 Nd5 23. Rc4 Rac8 24. Rac1 Rxc4 25. Rxc4 Bf6 26. Nxb7 Nb6 27. Rc6 Nxa4 28. Ra6 Nc3 29. Kf3 Be7 30. Nc5 Ra8 31. Be1 h6 32. e3 Nb5 33. Ra5 Rb8 34. exd4 Nxd4+ 35. Ke4 Nc2 36. Rxa7 Re8 37. Kd5 Nxe1 38. b5 Bxc5 39. Kxc5 Nd3+ 40. Kc4 Nxf2 41. b6 Rb8 42. b7 Kh7 43. Kd5 Ng4 44. Kc6 Nxh2 45. Kc7 Rxb7+ 46. Rxb7 Kg6 47. Kd6 Nf1 48. Rb1 Ne3 49. Ke5 Kg5 50. Rb7 Nf5 51. Rxf7 g6 52. Ra7 Nxg3 53. Ra3 Nf5 54. Ra1 Ne3 55. Ke4 Ng4 56. Kf3 h5 1/2-1/2

[Event "Olympiad-40"]
[Site "Istanbul"]
[Date "2012.09.01"]
[Round "5.2"]
[White "Arakhamia Grant, Ketevan"]
[Black "Puntier Andujar, William Staling"]
[Result "1-0"]
[WhiteElo "2421"]
[BlackElo "2312"]
[PlyCount "59"]
[EventDate "2012.08.28"]
[EventType "team-swiss"]
[EventRounds "11"]
[EventCountry "TUR"]
[SourceTitle "CBM 151"]
[Source "ChessBase"]
[SourceDate "2012.11.13"]
[SourceVersion "1"]
[SourceVersionDate "2012.11.13"]
[SourceQuality "1"]
[WhiteTeam "Scotland"]
[BlackTeam "Dominican Republic"]
[WhiteTeamCountry "SCO"]
[BlackTeamCountry "DOM"]

1. e4 c5 2. Nf3 Nc6 3. d4 cxd4 4. Nxd4 g6 5. c4 Nf6 6. Nc3 d6 7. Be2 Nxd4 8. Qxd4 Bg7 9. Bg5 0-0 10. Qe3 Be6 11. 0-0 Qa5 12. Rac1 Rac8 13. b3 Rc5 14. Nd5 Bxd5 15. exd5 e5 16. Qf3 Qd8 17. b4 Rc8 18. Rfd1 h6 19. Bh4 g5 20. Bg3 Nd7 21. Qf5 Re8 22. Bg4 Rc7 23. c5 Nf6 24. Be2 Qc8 25. Qb1 Qd7 26. h4 Bf8 27. hxg5 hxg5 28. Rc4 dxc5 29. d6 Bxd6 30. bxc5 1-0

[Event "Olympiad-40"]
[Site "Istanbul"]
[Date "2012.08.29"]
[Round "2.2"]
[White "Puntier Andujar, William Staling"]
[Black "Gajadin, Dewperkash"]
[Result "1-0"]
[WhiteElo "2312"]
[BlackElo "2185"]
[PlyCount "64"]
[EventDate "2012.08.28"]
[EventType "team-swiss"]
[EventRounds "11"]
[EventCountry "TUR"]
[SourceTitle "CBM 151"]
[Source "ChessBase"]
[SourceDate "2012.11.13"]
[SourceVersion "1"]
[SourceVersionDate "2012.11.13"]
[SourceQuality "1"]
[WhiteTeam "Dominican Republic"]
[BlackTeam "Surinam"]
[WhiteTeamCountry "DOM"]
[BlackTeamCountry "SUR"]

1. e4 e5 2. Nf3 Nc6 3. Bb5 a6 4. Ba4 Nf6 5. 0-0 Be7 6. Qe2 b5 7. Bb3 d6 8. c3 0-0 9. Rd1 Na5 10. Bc2 c5 11. d4 Qc7 12. d5 Nc4 13. a4 Bd7 14. b3 Na5 15. Nbd2 Rfb8 16. Bd3 g6 17. axb5 axb5 18. Ba3 Nh5 19. g3 Ng7 20. b4 c4 21. bxa5 cxd3 22. Qxd3 Rxa5 23. Bb4 Rxa1 24. Rxa1 f6 25. Qc2 Qb7 26. Qa2 Kf7 27. Nb3 f5 28. Na5 Qc8 29. Nc6 Bxc6 30. dxc6+ Qe6 31. Qa7 Qc8 32. Bxd6 Ra8 1-0

[Event "Duran zt 2.3.5"]
[Site "Duran"]
[Date "2012.03.11"]
[Round "9"]
[White "Vazquez Reyes, Raul"]
[Black "Puntier Andujar, William Staling"]
[Result "1/2-1/2"]
[WhiteElo "2302"]
[BlackElo "2343"]
[PlyCount "50"]
[EventDate "2012.03.05"]
[EventType "swiss"]
[EventRounds "9"]
[EventCountry "ECU"]
[SourceTitle "EXT 2023"]
[Source "ChessBase"]
[SourceDate "2022.10.05"]
[SourceVersion "1"]
[SourceVersionDate "2022.10.05"]
[SourceQuality "1"]

1. e4 e6 2. d4 d5 3. Nc3 Bb4 4. e5 c5 5. Bd2 Nc6 6. Nb5 Bxd2+ 7. Qxd2 Nxd4 8. Nxd4 cxd4 9. f4 Qb6 10. 0-0-0 Ne7 11. Nf3 Nf5 12. Nxd4 Qxd4 13. Qxd4 Nxd4 14. Rxd4 Bd7 15. Be2 Ke7 16. Rhd1 Rac8 17. Kb1 Bc6 18. Bf3 Bb5 19. c3 Rhd8 20. Rb4 Rc5 21. Rbd4 Be8 22. g3 b6 23. R1d2 a5 24. Rd1 b5 25. a3 Rc7 1/2-1/2

[Event "Duran zt 2.3.5"]
[Site "Duran"]
[Date "2012.03.08"]
[Round "5"]
[White "Moncada Russo, Bryan Andrew"]
[Black "Puntier Andujar, William Staling"]
[Result "0-1"]
[WhiteElo "1905"]
[BlackElo "2343"]
[PlyCount "106"]
[EventDate "2012.03.05"]
[EventType "swiss"]
[EventRounds "9"]
[EventCountry "ECU"]
[SourceTitle "EXT 2023"]
[Source "ChessBase"]
[SourceDate "2022.10.05"]
[SourceVersion "1"]
[SourceVersionDate "2022.10.05"]
[SourceQuality "1"]

1. e4 c5 2. Nf3 e6 3. d4 cxd4 4. Nxd4 a6 5. Be2 Nf6 6. Nc3 d6 7. 0-0 Be7 8. a4 0-0 9. f4 Qc7 10. Bf3 Nc6 11. Kh1 Nxd4 12. Qxd4 e5 13. Qd1 exf4 14. Bxf4 Be6 15. Nd5 Bxd5 16. exd5 Nd7 17. Qd2 Bf6 18. c3 Be5 19. Bxe5 Nxe5 20. Be4 Qe7 21. Bd3 g6 22. a5 f5 23. c4 Rac8 24. Rac1 Qh4 25. Rf4 Qh6 26. Rf2 f4 27. Be2 g5 28. b4 Rf6 29. Rc3 Rcf8 30. c5 g4 31. h3 Qh4 32. Bf1 f3 33. gxf3 g3 34. Re2 Nxf3 35. Rxf3 Rxf3 36. Bg2 Qf6 37. Re1 Rf4 38. cxd6 Qxd6 39. Qe3 Rxb4 40. Qe6+ Qxe6 41. dxe6 Re8 42. Bd5 h5 43. h4 Rxh4+ 44. Kg2 Rb4 45. Kxg3 Rb5 46. Bf3 Re7 47. Kh4 Kf8 48. Bxh5 Rh7 49. e7+ Rxe7 50. Rh1 Kg7 51. Ra1 Re4+ 52. Bg4 Rbb4 53. Rg1 Kf6 0-1

[Event "Santo Domingo op"]
[Site "Santo Domingo"]
[Date "2010.06.02"]
[Round "1"]
[White "Del Rosario, Abraham"]
[Black "Puntier Andujar, William Staling"]
[Result "1/2-1/2"]
[WhiteElo "1944"]
[BlackElo "2327"]
[PlyCount "51"]
[EventDate "2010.06.02"]
[EventType "swiss"]
[EventRounds "9"]
[EventCountry "DOM"]
[SourceTitle "EXT 2011"]
[Source "ChessBase"]
[SourceDate "2010.11.26"]
[SourceVersion "1"]
[SourceVersionDate "2010.11.26"]
[SourceQuality "1"]

1. d4 Nf6 2. c4 c5 3. d5 e6 4. Nc3 exd5 5. cxd5 d6 6. e4 g6 7. h3 Bg7 8. Nf3 0-0 9. Bd3 a6 10. a4 Nbd7 11. 0-0 Qe7 12. Bf4 Re8 13. Qd2 Qf8 14. Rab1 Ne5 15. Nxe5 dxe5 16. Be3 Nh5 17. a5 Bd7 18. Ne2 Rac8 19. Rfc1 Qd6 20. Rc2 Bf8 21. Rbc1 Qf6 22. Bg5 Qd6 23. Be3 Qf6 24. Bg5 Qd6 25. Be3 Qf6 26. Bg5 1/2-1/2

[Event "DOM-ch"]
[Site "Santo Domingo"]
[Date "2010.04.11"]
[Round "4"]
[White "Munoz Santana, Jose Lisandro"]
[Black "Puntier Andujar, William Staling"]
[Result "1-0"]
[WhiteElo "2358"]
[BlackElo "2324"]
[PlyCount "101"]
[EventDate "2010.04.09"]
[EventType "swiss"]
[EventRounds "11"]
[EventCountry "DOM"]
[SourceTitle "EXT 2012"]
[Source "ChessBase"]
[SourceDate "2011.11.24"]
[SourceVersion "1"]
[SourceVersionDate "2011.11.24"]
[SourceQuality "1"]

1. e4 d6 2. d4 Nf6 3. Nc3 Nbd7 4. g3 c5 5. d5 a6 6. a4 e6 7. dxe6 fxe6 8. Bg2 Be7 9. Nf3 Qc7 10. Bh3 Nf8 11. 0-0 h6 12. Nh4 g5 13. Ng2 Bd7 14. f4 Rg8 15. fxg5 hxg5 16. Ne3 0-0-0 17. Qe2 Kb8 18. Nc4 Bc8 19. e5 dxe5 20. Nxe5 c4 21. Nxc4 Nd5 22. Ne4 e5 23. Bxc8 Rxc8 24. Ne3 Nxe3 25. Bxe3 Qxc2 26. Qxc2 Rxc2 27. Rf7 Ng6 28. Rf2 Rgc8 29. Nc3 Rxf2 30. Kxf2 g4 31. Rd1 Rc4 32. Ke2 Bb4 33. Rd8+ Kc7 34. Rg8 Bxc3 35. Rg7+ Kc8 36. bxc3 Rc6 37. a5 Re6 38. Bb6 Ne7 39. Rxg4 Kd7 40. c4 Kc6 41. Rg7 Kd6 42. h4 e4 43. g4 Ke5 44. Ke3 Nc6 45. Rf7 Kd6 46. g5 Nb4 47. Rf6 Rxf6 48. gxf6 Ke6 49. Bd4 Kf7 50. Kxe4 Nc6 51. Bc3 1-0

[Event "DOM-ch"]
[Site "Santo Domingo"]
[Date "2010.04.10"]
[Round "3"]
[White "Duarte, Martirez"]
[Black "Puntier Andujar, William Staling"]
[Result "0-1"]
[WhiteElo "2200"]
[BlackElo "2324"]
[PlyCount "96"]
[EventDate "2010.04.09"]
[EventType "swiss"]
[EventRounds "11"]
[EventCountry "DOM"]
[SourceTitle "EXT 2012"]
[Source "ChessBase"]
[SourceDate "2011.11.24"]
[SourceVersion "1"]
[SourceVersionDate "2011.11.24"]
[SourceQuality "1"]

1. d4 Nf6 2. Nf3 c5 3. e3 g6 4. c4 Bg7 5. Nc3 0-0 6. g3 cxd4 7. exd4 d5 8. Bg2 dxc4 9. 0-0 Nc6 10. h3 Bf5 11. a3 Rc8 12. Re1 Re8 13. Be3 Ne4 14. Ne2 Nd6 15. g4 Be4 16. Nc3 Bd3 17. Bf1 Bxf1 18. Kxf1 a6 19. Bf4 Nxd4 20. Nxd4 e5 21. Nde2 exf4 22. Nxf4 Nb5 23. Qf3 Nxc3 24. Rxe8+ Qxe8 25. Re1 Qc6 26. Qxc6 Rxc6 27. Re8+ Bf8 28. bxc3 b5 29. g5 Rd6 30. Ra8 f6 31. gxf6 Kf7 32. Kg2 Bh6 33. Ra7+ Kxf6 34. Ne2 Re6 35. Nd4 Rb6 36. Nc2 Bd2 37. Nb4 Ke5 38. f4+ Bxf4 39. Nxa6 Ke4 40. Nb4 Bd6 41. Rd7 Bxb4 42. axb4 Ra6 43. Rd4+ Ke3 44. Rd5 Ra3 45. Rxb5 Kd3 46. Rb7 Kxc3 47. b5 Rb3 48. Kf2 Kb2 0-1

[Event "Pan American-chT"]
[Site "Mendes"]
[Date "2009.08.13"]
[Round "5"]
[White "Alvarez Marquez, Johan"]
[Black "Puntier Andujar, William Staling"]
[Result "1/2-1/2"]
[WhiteElo "2431"]
[BlackElo "2291"]
[PlyCount "84"]
[EventDate "2009.08.09"]
[EventType "team-tourn"]
[EventRounds "5"]
[EventCountry "BRA"]
[SourceTitle "CBM 131 Extra"]
[Source "ChessBase"]
[SourceDate "2009.09.03"]
[SourceVersion "2"]
[SourceVersionDate "2009.09.16"]
[SourceQuality "1"]
[WhiteTeam "Venezuela"]
[BlackTeam "Dominican Rep"]
[WhiteTeamCountry "VEN"]
[BlackTeamCountry "DOM"]

1. d4 Nf6 2. Nf3 c5 3. e3 g6 4. c4 Bg7 5. Nc3 0-0 6. Be2 d6 7. 0-0 Nc6 8. d5 Ne5 9. Nxe5 dxe5 10. e4 Ne8 11. Be3 b6 12. a3 f5 13. f3 Nd6 14. b4 Ba6 15. bxc5 Nxc4 16. Bf2 Qc8 17. Qa4 Na5 18. Bxa6 Qxa6 19. Nb5 Qc8 20. cxb6 axb6 21. Rfc1 Nb7 22. Qb3 Nc5 23. Bxc5 bxc5 24. d6+ e6 25. Nc7 Rb8 26. Qxe6+ Qxe6 27. Nxe6 Rf6 28. Nxg7 fxe4 29. fxe4 Kxg7 30. Rxc5 Rxd6 31. Ra2 Kf6 32. Kf2 Rd4 33. a4 Rbd8 34. Rcc2 Rxe4 35. a5 Ra8 36. Rc7 Ra6 37. Rxh7 Rf4+ 38. Ke2 Rg4 39. Kd3 Rb4 40. h4 Rb5 41. Rf2+ Ke6 42. h5 Rbxa5 1/2-1/2

[Event "New England Masters"]
[Site "Pawtucket"]
[Date "2008.08.16"]
[Round "8"]
[White "Puntier Andujar, William Staling"]
[Black "Schuyler, James"]
[Result "1-0"]
[WhiteElo "2298"]
[BlackElo "2346"]
[PlyCount "43"]
[EventDate "2008.08.11"]
[EventType "swiss"]
[EventRounds "9"]
[EventCountry "USA"]
[SourceTitle "CBM 125 Extra"]
[Source "ChessBase"]
[SourceDate "2008.09.01"]
[SourceVersion "1"]
[SourceVersionDate "2008.09.01"]
[SourceQuality "1"]

1. e4 g6 2. d4 Bg7 3. Nc3 c6 4. Nf3 d5 5. h3 dxe4 6. Nxe4 Nd7 7. Bc4 Ngf6 8. Nxf6+ Nxf6 9. 0-0 0-0 10. Re1 Nd5 11. Bg5 Re8 12. Qd2 b5 13. Bb3 a5 14. a4 b4 15. Bh6 Bh8 16. Ne5 Qb6 17. Qe2 Bb7 18. Rad1 Rad8 19. Nxf7 Ra8 20. Nxh8 Kxh8 21. Qe6 Nf6 22. Qf7 1-0

[Event "New England Masters"]
[Site "Pawtucket"]
[Date "2008.08.14"]
[Round "6"]
[White "Rosenberg, Evan"]
[Black "Puntier Andujar, William Staling"]
[Result "0-1"]
[WhiteElo "2182"]
[BlackElo "2298"]
[PlyCount "68"]
[EventDate "2008.08.11"]
[EventType "swiss"]
[EventRounds "9"]
[EventCountry "USA"]
[SourceTitle "CBM 125 Extra"]
[Source "ChessBase"]
[SourceDate "2008.09.01"]
[SourceVersion "1"]
[SourceVersionDate "2008.09.01"]
[SourceQuality "1"]

1. d4 Nf6 2. c4 c5 3. d5 e6 4. Nc3 exd5 5. cxd5 d6 6. e4 g6 7. f4 Bg7 8. Bb5+ Nfd7 9. a4 0-0 10. Nf3 Na6 11. 0-0 Nc7 12. Bd3 Nf6 13. Re1 Bg4 14. h3 Bxf3 15. Qxf3 Re8 16. Be3 Nd7 17. Bf2 a6 18. a5 Rb8 19. Rac1 b6 20. axb6 Rxb6 21. Na4 Rb4 22. Rc4 Rb8 23. e5 dxe5 24. f5 e4 25. Rcxe4 Ne5 26. Qg3 Qxd5 27. Nxc5 gxf5 28. Ra4 Rxb2 29. Bxf5 Rxf2 30. Qxf2 Nf3+ 31. gxf3 Rxe1+ 32. Kg2 Re5 33. Be4 Qxc5 34. Qh4 Rg5+ 0-1